DISCOTECAS Y TERRAZAS SEVILLA - Estadísticas

Estadísticas generales
  • Esta prueba ha sido intentada 191 veces
  • La puntuación promedio es 8 de 16
Estadísticas de respuestas
Imagen Respuesta % Correcto
rosso
91%
antique
88%
occo
88%
abril
77%
alfonso
77%
libano
72%
casino
61%
caramelo
55%
bilindo
53%
uthopia
42%
bembe
31%
voulezbar
31%
bestiario
28%
pandora
28%
koko
22%
look
4%
No se encontraron pruebas coincidentes
Distribución de puntuación
Porcentaje de gente con cada puntuación
Porcentaje por número respondido
Historial de tus puntuaciones
No has intentado esta prueba.